[Event "Mercredi 2010.09.01 ABCD"]
[Site "Montreal CAN"]
[Date "2010.09.15"]
[Round "3"]
[White "Baran, Marius"]
[Black "Bergeron, Rene"]
[Result "1-0"]
[WhiteElo "1646"]
[BlackElo "1646"]
[PlyCount "97"]
[EventDate "2010.09.01"]
[EventType "tourn"]
[EventRounds "5"]
[EventCountry "CAN"]

1. d4 d5 2. c4 e6 3. Nc3 Nf6 4. Bg5 Be7 5. e3 O-O 6. Nf3 Nbd7 7. Rc1 Re8 8. Bd3
c5 9. O-O cxd4 10. Nxd4 e5 11. Nf5 e4 12. Be2 dxc4 13. Bxc4 Ne5 14. Qxd8 Bxd8
15. Nd6 Rf8 16. Be2 Nd3 17. Rc2 h6 18. Bxf6 Bxf6 19. Ncxe4 Nb4 20. Nxf6+ gxf6
21. Rc7 Nxa2 22. Bf3 Be6 23. Bxb7 Rad8 24. Ne4 f5 25. Nc5 Rd2 26. Nxe6 fxe6 27.
Rb1 Nb4 28. Bc8 e5 29. Rd7 Rc2 30. Bb7 Rb8 31. Bf3 e4 32. Bd1 Rc5 33. Rxa7 Nd3
34. b3 f4 35. exf4 Nxf4 36. b4 Rg5 37. g3 Nd3 38. Bb3+ Kh8 39. Bc4 Nxb4 40. Ra4
Nc6 41. Rxb8+ Nxb8 42. Ra8 Rc5 43. Rxb8+ Kg7 44. Rb4 Kf6 45. Kf1 Ke5 46. Rb5
Kd4 47. Rxc5 Kxc5 48. Bf7 Kd4 49. Ke2 1-0

[Event "Mercredi 2010.09.01 ABCD"]
[Site "Montreal CAN"]
[Date "2010.09.15"]
[Round "3"]
[White "Cote, Philippe"]
[Black "Yun, Chang"]
[Result "0-1"]
[WhiteElo "1677"]
[BlackElo "1735"]
[PlyCount "86"]
[EventDate "2010.09.01"]
[EventType "tourn"]
[EventRounds "5"]
[EventCountry "CAN"]

1. e4 e5 2. Nf3 Nc6 3. Bb5 a6 4. Ba4 Nf6 5. O-O Nxe4 6. d4 b5 7. Bb3 d5 8. Re1
Be6 9. c3 exd4 10. cxd4 Be7 11. Bc2 Bf5 12. Nbd2 Nxd2 13. Bxd2 Bg4 14. Be3 O-O
15. Bxh7+ Kxh7 16. Qc2+ g6 17. Qxc6 Bxf3 18. gxf3 Bd6 19. Kf1 Bxh2 20. Ke2 Kg7
21. Rh1 Rh8 22. f4 Rh4 23. f5 Rh8 24. fxg6 fxg6 25. Qe6 Qd6 26. Qg4 Rae8 27.
Kd3 Qe6 28. Qxe6 Rxe6 29. Rac1 c6 30. Rc2 Bb8 31. Rxh8 Kxh8 32. Kc3 a5 33. a3
Ba7 34. b4 a4 35. Kd3 Kg7 36. Rc1 Bb8 37. Rh1 Bc7 38. Bh6+ Kf6 39. Be3 Kf5 40.
Rc1 Bf4 41. Bxf4 Kxf4 42. Rc2 Kf3 43. Rd2 g5 0-1

[Event "Mercredi 2010.09.01 ABCD"]
[Site "Montreal CAN"]
[Date "2010.09.15"]
[Round "3"]
[White "Gates, Claude-Eric"]
[Black "Luo, Zhao Yang"]
[Result "0-1"]
[WhiteElo "1796"]
[BlackElo "1843"]
[PlyCount "64"]
[EventDate "2010.09.01"]
[EventType "tourn"]
[EventRounds "5"]
[EventCountry "CAN"]

1. c4 Nf6 2. g3 g6 3. Bg2 Bg7 4. Nc3 O-O 5. d3 c6 6. e4 d6 7. Nge2 Nbd7 8. O-O
Re8 9. Rb1 a5 10. a3 Ne5 11. b4 axb4 12. axb4 Bg4 13. f3 Bd7 14. Be3 Ra3 15.
Bd4 Nh5 16. Qc1 Qa8 17. Rd1 f5 18. Qe3 fxe4 19. Nxe4 Nxc4 20. Qf2 Ne5 21. g4
Nxd3 22. Rxd3 Rxd3 23. gxh5 Qa2 24. Ra1 Bxd4 25. Qxd4 Qxe2 26. Nf6+ exf6 27.
Qxf6 Rd1+ 28. Rxd1 Qxd1+ 29. Bf1 Bh3 30. Kf2 Qxf1+ 31. Kg3 Qg2+ 32. Kh4 Re4+
0-1

[Event "Mercredi 2010.09.01 ABCD"]
[Site "Montreal CAN"]
[Date "2010.09.15"]
[Round "3"]
[White "Gauthier, Denis"]
[Black "Pregent, Daniel"]
[Result "1-0"]
[WhiteElo "1941"]
[BlackElo "1878"]
[PlyCount "97"]
[EventDate "2010.09.01"]
[EventType "tourn"]
[EventRounds "5"]
[EventCountry "CAN"]

1. d4 Nf6 2. c4 e6 3. Nf3 b6 4. a3 Bb7 5. Nc3 d5 6. cxd5 exd5 7. Bg5 Be7 8.
Qa4+ Bc6 9. Qc2 O-O 10. e3 Bb7 11. Bd3 h6 12. Bh4 Nbd7 13. O-O Re8 14. b4 a6
15. Rab1 a5 16. Qb3 c6 17. Rfd1 b5 18. Rbc1 a4 19. Qc2 Nb6 20. Ne5 Nc4 21. Bxc4
dxc4 22. e4 Qc7 23. Qe2 Rad8 24. Bg3 Qc8 25. f4 Qa8 26. h3 Qa6 27. Bf2 Bd6 28.
Qf3 Bb8 29. g4 Bxe5 30. dxe5 Nd7 31. Bh4 f6 32. Rd6 Qa8 33. Rcd1 Qc8 34. Qe3
Nf8 35. exf6 Rxd6 36. Rxd6 g6 37. f5 Qc7 38. Qxh6 Qf7 39. Qf4 Nh7 40. e5 gxf5
41. Qxf5 Bc8 42. Qf4 Bd7 43. Ne4 Nf8 44. Ng5 Ng6 45. Qf2 Qf8 46. f7+ Kh8 47.
fxe8=Q Qxe8 48. Qf6+ Kg8 49. Qxg6+ 1-0

[Event "Mercredi 2010.09.01 ABCD"]
[Site "Montreal CAN"]
[Date "2010.09.15"]
[Round "3"]
[White "Gauthier, Luc"]
[Black "Sonn, Eric"]
[Result "1-0"]
[WhiteElo "1727"]
[BlackElo "1633"]
[PlyCount "53"]
[EventDate "2010.09.01"]
[EventType "tourn"]
[EventRounds "5"]
[EventCountry "CAN"]

1. e4 c5 2. Nc3 b6 3. g3 Nc6 4. Bg2 Bb7 5. d3 g6 6. f4 Bg7 7. Nf3 e6 8. Nb5 Ba6
9. Nd6+ Kf8 10. e5 Nge7 11. Ng5 Nc8 12. Ndxf7 Qe7 13. Nxh8 Bxh8 14. Qg4 Rb8 15.
Bxc6 dxc6 16. Qxe6 Qxe6 17. Nxe6+ Kg8 18. Ng5 Ne7 19. Bd2 b5 20. Ne4 c4 21. Bb4
Nd5 22. Bc5 Rb7 23. O-O Bg7 24. Nd6 Rc7 25. Ne8 Rb7 26. Nxg7 Kxg7 27. f5 1-0

[Event "Mercredi 2010.09.01 ABCD"]
[Site "Montreal CAN"]
[Date "2010.09.15"]
[Round "3"]
[White "Levkovsky, Alexandre"]
[Black "Poirier, Erik"]
[Result "0-1"]
[WhiteElo "2140"]
[BlackElo "2030"]
[PlyCount "66"]
[EventDate "2010.09.01"]
[EventType "tourn"]
[EventRounds "5"]
[EventCountry "CAN"]

1. e4 c5 2. Nf3 Nc6 3. Nc3 Nf6 4. d4 cxd4 5. Nxd4 e5 6. Ndb5 d6 7. Bg5 a6 8.
Na3 b5 9. Nd5 Be7 10. Bxf6 Bxf6 11. c3 Ne7 12. Nxf6+ gxf6 13. Qf3 f5 14. exf5
Bxf5 15. O-O-O O-O 16. Bd3 Be6 17. Qg3+ Kh8 18. f4 Qc7 19. f5 Bxa2 20. f6 Ng6
21. Nc2 Be6 22. Qg5 Rg8 23. Qh5 d5 24. Bf5 Bxf5 25. Qxf5 Rad8 26. Rhe1 Rge8 27.
Re3 Qc4 28. Rf3 Nh4 29. Qg5 Rg8 30. Qxe5 Nxf3 31. gxf3 d4 32. cxd4 b4 33. Qe2
Rxd4 0-1

[Event "Mercredi 2010.09.01 ABCD"]
[Site "Montreal CAN"]
[Date "2010.09.15"]
[Round "3"]
[White "Nardone, Raul"]
[Black "Savard, Alain"]
[Result "1-0"]
[WhiteElo "1794"]
[BlackElo "1784"]
[PlyCount "65"]
[EventDate "2010.09.01"]
[EventType "tourn"]
[EventRounds "5"]
[EventCountry "CAN"]

1. e4 e6 2. d4 d5 3. Nc3 Bb4 4. Bd2 Nf6 5. e5 Nfd7 6. Qg4 Kf8 7. O-O-O c5 8.
dxc5 Nc6 9. f4 Qa5 10. Kb1 b6 11. Nf3 Rb8 12. Nb5 bxc5 13. Nd6 Bxd2 14. Rxd2 h5
15. Qg5 Qd8 16. Bb5 Qxg5 17. Nxg5 Nd8 18. Re1 Ke7 19. Re3 Rf8 20. Ra3 a6 21.
Nxc8+ Rxc8 22. Rxa6 Rc7 23. a4 c4 24. b4 f6 25. Nf3 Nb8 26. Ra8 Rb7 27. c3 Rb6
28. Kb2 fxe5 29. Ra7+ Nb7 30. fxe5 Rf4 31. Nd4 Kd8 32. Rxb7 Rxd4 33. Rxb8+ 1-0

[Event "Mercredi 2010.09.01 ABCD"]
[Site "Montreal CAN"]
[Date "2010.09.15"]
[Round "3"]
[White "Plante, Michel"]
[Black "Giroux, Robert"]
[Result "0-1"]
[WhiteElo "2067"]
[BlackElo "2053"]
[PlyCount "128"]
[EventDate "2010.09.01"]
[EventType "tourn"]
[EventRounds "5"]
[EventCountry "CAN"]

1. d4 Nf6 2. Nf3 e6 3. e3 c5 4. Bd3 d5 5. b3 Nbd7 6. O-O b6 7. Bb2 Bb7 8. Nbd2
Be7 9. c4 O-O 10. Qe2 cxd4 11. exd4 dxc4 12. bxc4 Rc8 13. Rfe1 Re8 14. Rad1 Qc7
15. Ng5 Nf8 16. f3 Nh5 17. Nh3 Nf4 18. Nxf4 Qxf4 19. g3 Qc7 20. Rc1 Red8 21.
Red1 Bf6 22. Qe3 g6 23. Ne4 Bg7 24. Bf1 Nd7 25. Bg2 h6 26. Ba1 f5 27. Nd2 e5
28. d5 Qc5 29. Re1 Ba6 30. Bf1 Qxe3+ 31. Rxe3 Bf6 32. Ra3 Bg5 33. Rxa6 Bxd2 34.
Rd1 Be3+ 35. Kg2 Rc7 36. Ra3 Bc5 37. Rb3 Bd6 38. Re1 Rdc8 39. Rbe3 Kf7 40. Bb2
Re8 41. Bd3 Rcc8 42. h4 h5 43. R3e2 Bb4 44. Rd1 Bd6 45. Bc1 e4 46. fxe4 fxe4
47. Rf1+ Kg7 48. Bb2+ Kg8 49. Rxe4 Rxe4 50. Bxe4 Rxc4 51. Bxg6 Rg4 52. Bf7+ Kh7
53. Rf3 Ra4 54. a3 Be5 55. Bc1 Rc4 56. Bg5 Rc2+ 57. Kh3 Bd6 58. Bxh5 Ne5 59.
Re3 Rc5 60. Bf4 Rxd5 61. Be2 Ra5 62. Re4 Kg7 63. a4 Kf6 64. g4 Rc5 0-1

[Event "Mercredi 2010.09.01 ABCD"]
[Site "Montreal CAN"]
[Date "2010.09.20"]
[Round "3"]
[White "Sasseville, Jean"]
[Black "Dydak, Mateusz"]
[Result "1/2-1/2"]
[WhiteElo "1976"]
[BlackElo "1993"]
[PlyCount "125"]
[EventDate "2010.09.01"]
[EventType "tourn"]
[EventRounds "5"]
[EventCountry "CAN"]

1. Nf3 f5 2. c4 Nf6 3. g3 e6 4. Bg2 c6 5. O-O Be7 6. d4 d5 7. Qc2 O-O 8. Ne5
Nbd7 9. Nd3 Qe8 10. Nd2 Ne4 11. Nf3 Bf6 12. Nfe5 Nxe5 13. Nxe5 Qh5 14. f3 Ng5
15. Bd2 Nf7 16. Bb4 Rd8 17. Bc3 Nxe5 18. dxe5 Bg5 19. f4 Be7 20. Bd4 Bd7 21.
cxd5 cxd5 22. Rfc1 Bc6 23. Qd2 g5 24. e3 Qg6 25. Bf1 h5 26. b4 a6 27. Bb6 Rd7
28. a4 d4 29. exd4 gxf4 30. b5 Be4 31. Qxf4 Bg5 32. Qf2 Bxc1 33. Rxc1 axb5 34.
Bxb5 Rg7 35. Qf4 Kh7 36. a5 Rag8 37. Kf2 Qg4 38. Qxg4 fxg4 39. Ke3 Bg2 40. Bd3+
Kh6 41. Be4 Bxe4 42. Kxe4 Rf8 43. d5 exd5+ 44. Kxd5 Rd7+ 45. Ke6 Rd2 46. Rc7
Re2 47. Rxb7 Re8+ 48. Re7 Rxe7+ 49. Kxe7 Rxe5+ 50. Kf6 Rb5 51. Bc7 Rb2 52. Bf4+
Kh7 53. Be3 Ra2 54. Bb6 Rxh2 55. a6 Ra2 56. a7 Ra6 57. Kg5 Ra4 58. Kxh5 Kg7 59.
a8=Q Rxa8 60. Kxg4 Kg6 61. Be3 Ra3 62. Bf4 Rxg3+ 63. Bxg3 1/2-1/2

[Event "Mercredi 2010.09.01 ABCD"]
[Site "Montreal CAN"]
[Date "2010.09.15"]
[Round "3"]
[White "Tremblay, Alain"]
[Black "Gagnon, Serge"]
[Result "1/2-1/2"]
[WhiteElo "2082"]
[BlackElo "2144"]
[PlyCount "62"]
[EventDate "2010.09.01"]
[EventType "tourn"]
[EventRounds "5"]
[EventCountry "CAN"]

1. e4 d6 2. d4 Nf6 3. Nc3 g6 4. f4 Bg7 5. Nf3 O-O 6. Be3 Ng4 7. Bg1 c6 8. h3
Nf6 9. Be3 Nbd7 10. e5 Nd5 11. Nxd5 cxd5 12. Bd3 Qc7 13. O-O Re8 14. Qe1 dxe5
15. fxe5 f6 16. Qh4 Nf8 17. Rae1 Be6 18. Bh6 Bf7 19. Bxg7 Kxg7 20. Nh2 f5 21.
g4 e6 22. gxf5 gxf5 23. Re3 Qe7 24. Rg3+ Ng6 25. Qh5 Kh8 26. Qh6 Rg8 27. Kh1
Qf8 28. Qg5 Qe7 29. Qh6 Qf8 30. Qd2 Qe7 31. Qh6 Qf8 1/2-1/2

[Event "Mercredi 2010.09.01 ABCD"]
[Site "Montreal CAN"]
[Date "2010.09.22"]
[Round "4"]
[White "Dydak, Mateusz"]
[Black "Gauthier, Denis"]
[Result "1/2-1/2"]
[WhiteElo "1993"]
[BlackElo "1941"]
[PlyCount "51"]
[EventDate "2010.09.01"]
[EventType "tourn"]
[EventRounds "5"]
[EventCountry "CAN"]

1. e4 c5 2. Nc3 Nc6 3. f4 g6 4. Nf3 Bg7 5. Bb5 Nd4 6. Nxd4 cxd4 7. Ne2 e6 8.
O-O Ne7 9. Kh1 O-O 10. Bd3 f5 11. c3 fxe4 12. Bxe4 d5 13. Bd3 Nc6 14. cxd4 Nxd4
15. Nxd4 Bxd4 16. Rb1 Qd6 17. Qg4 e5 18. fxe5 Rxf1+ 19. Bxf1 Bxe5 20. Qh4 Bf5
21. d3 Qa6 22. Bh6 Bf6 23. Qf2 Re8 24. Re1 Rxe1 25. Qxe1 Qe6 26. Qb4 1/2-1/2

[Event "Mercredi 2010.09.01 ABCD"]
[Site "Montreal CAN"]
[Date "2010.09.22"]
[Round "4"]
[White "Gagnon, Serge"]
[Black "Plante, Michel"]
[Result "0-1"]
[WhiteElo "2144"]
[BlackElo "2067"]
[PlyCount "80"]
[EventDate "2010.09.01"]
[EventType "tourn"]
[EventRounds "5"]
[EventCountry "CAN"]

1. d4 d6 2. c4 e5 3. Nf3 e4 4. Ng5 f5 5. Nc3 Be7 6. Nh3 Nf6 7. g3 c6 8. d5 c5
9. Bg2 O-O 10. O-O Nbd7 11. f3 exf3 12. exf3 Ne5 13. Qe2 Re8 14. b3 Bd7 15. Bb2
a6 16. Qc2 b5 17. Ne2 bxc4 18. bxc4 Rb8 19. Rab1 Qa5 20. Bc3 Qa4 21. Qxa4 Bxa4
22. Bxe5 dxe5 23. Nf2 Bd6 24. Nc3 Bd7 25. Nd3 e4 26. Rxb8 Bxb8 27. fxe4 fxe4
28. Rxf6 exd3 29. Rf3 d2 30. Rd3 Re1+ 31. Kf2 Rc1 32. Bf3 Bf5 33. Rxd2 Rxc3 34.
d6 Rc2 35. Rxc2 Bxc2 36. d7 Bc7 37. Bb7 a5 38. Ke3 Kf7 39. Be4 Bxe4 40. Kxe4
Ke6 0-1

[Event "Mercredi 2010.09.01 ABCD"]
[Site "Montreal CAN"]
[Date "2010.09.22"]
[Round "4"]
[White "Khudaverdian, Berj"]
[Black "Gates, Claude-Eric"]
[Result "1/2-1/2"]
[WhiteElo "1805"]
[BlackElo "1796"]
[PlyCount "108"]
[EventDate "2010.09.01"]
[EventType "tourn"]
[EventRounds "5"]
[EventCountry "CAN"]

1. e4 e5 2. Nc3 Nf6 3. Bb5 c6 4. Ba4 Bc5 5. Nf3 d6 6. h3 O-O 7. d4 exd4 8. Nxd4
Qe7 9. Bg5 Qe5 10. Bxf6 Qxf6 11. Nf3 Bb4 12. Qd3 Na6 13. Qe3 Re8 14. O-O-O Bxc3
15. bxc3 Nc5 16. e5 Qe6 17. Bb3 Nxb3+ 18. cxb3 dxe5 19. Qxe5 Qxe5 20. Nxe5 f6
21. Nc4 b6 22. Nd6 Re7 23. Rhe1 Kf8 24. g4 Be6 25. c4 Bf7 26. Rxe7 Kxe7 27.
Nf5+ Kf8 28. Rd7 Be6 29. Rc7 Bxf5 30. gxf5 c5 31. Kc2 h5 32. Kc3 h4 33. b4
cxb4+ 34. Kxb4 Re8 35. Rxa7 Re2 36. Kb5 Rb2+ 37. Kc6 Rb4 38. Kd5 Rb2 39. Kc6
Rb4 40. c5 bxc5 41. Kxc5 Rf4 42. a4 Rxf5+ 43. Kd6 Rxf2 44. Ke6 Re2+ 45. Kf5
Rf2+ 46. Kg6 Rg2+ 47. Kh5 f5 48. a5 f4 49. a6 f3 50. Ra8+ Kf7 51. a7 Ra2 52.
Rc8 f2 53. Rc2 Rxa7 54. Rxf2+ Kg8 1/2-1/2

[Event "Mercredi 2010.09.01 ABCD"]
[Site "Montreal CAN"]
[Date "2010.09.22"]
[Round "4"]
[White "Levkovsky, Alexandre"]
[Black "Tremblay, Alain"]
[Result "1/2-1/2"]
[WhiteElo "2140"]
[BlackElo "2082"]
[PlyCount "104"]
[EventDate "2010.09.01"]
[EventType "tourn"]
[EventRounds "5"]
[EventCountry "CAN"]

1. e4 d6 2. d4 Nf6 3. Nc3 g6 4. Nf3 Bg7 5. Bg5 c6 6. Qd2 b5 7. a3 a6 8. Be2 Qc7
9. O-O Nbd7 10. h3 Bb7 11. Bf4 e5 12. Bh2 O-O 13. Rad1 Rfe8 14. dxe5 dxe5 15.
Qd6 Qxd6 16. Rxd6 Bf8 17. Rd2 Bc5 18. Rfd1 Re7 19. Bg3 h6 20. Bh4 g5 21. Nxg5
hxg5 22. Bxg5 Bd4 23. Bg4 Ree8 24. Ne2 Nxg4 25. hxg4 Nc5 26. Nxd4 exd4 27. f3
Ne6 28. Bf6 c5 29. Kf2 Ng7 30. Rh1 Bxe4 31. fxe4 Rxe4 32. g5 Rae8 33. Rh3 Rf4+
34. Rf3 Ree4 35. Re2 Nh5 36. Bd8 Rxe2+ 37. Kxe2 Kg7 38. Kd3 c4+ 39. Kd2 Kg6 40.
Rxf4 Nxf4 41. g4 Ne6 42. Be7 Nxg5 43. Ke2 f5 44. gxf5+ Kxf5 45. b3 Ne4 46. Bb4
Kf4 47. a4 Ng3+ 48. Kf2 Ne4+ 49. Ke2 Ng5 50. Bd2+ Kf5 51. axb5 axb5 52. bxc4
bxc4 1/2-1/2

[Event "Mercredi 2010.09.01 ABCD"]
[Site "Montreal CAN"]
[Date "2010.09.21"]
[Round "4"]
[White "Luo, Zhao Yang"]
[Black "Nardone, Raul"]
[Result "1-0"]
[WhiteElo "1843"]
[BlackElo "1794"]
[PlyCount "75"]
[EventDate "2010.09.01"]
[EventType "tourn"]
[EventRounds "5"]
[EventCountry "CAN"]

1. d4 e6 2. c4 f5 3. Nc3 d5 4. Nf3 Nf6 5. Bg5 c6 6. e3 Be7 7. Rc1 O-O 8. Bd3
Qe8 9. O-O Qh5 10. h3 h6 11. Bxf6 Bxf6 12. Qb3 Nd7 13. cxd5 exd5 14. Ne2 Bd8
15. Ng3 Qg6 16. Bb1 Nb6 17. Ne5 Qe6 18. Rfd1 Nd7 19. f4 Nxe5 20. dxe5 a5 21. a4
Ra6 22. Qc3 Be7 23. Bd3 Bb4 24. Qc2 Rb6 25. Qf2 c5 26. Bb5 Bd7 27. Bxd7 Qxd7
28. Qf3 d4 29. exd4 cxd4 30. Qd3 Qxa4 31. Qxd4 Rg6 32. Kh2 Qe8 33. Qd5+ Qf7 34.
Qb5 Qb3 35. Qd5+ Qxd5 36. Rxd5 b6 37. Rc7 Be1 38. Nh5 1-0

[Event "Mercredi 2010.09.01 ABCD"]
[Site "Montreal CAN"]
[Date "2010.09.22"]
[Round "4"]
[White "Morin, Louis"]
[Black "Pregent, Daniel"]
[Result "1-0"]
[WhiteElo "1857"]
[BlackElo "1878"]
[PlyCount "67"]
[EventDate "2010.09.01"]
[EventType "tourn"]
[EventRounds "5"]
[EventCountry "CAN"]

1. e4 c6 2. d4 d5 3. Nc3 dxe4 4. Nxe4 Bf5 5. Ng3 Bg6 6. h4 h6 7. Nf3 Nd7 8. h5
Bh7 9. Bf4 e6 10. Bd3 Bxd3 11. Qxd3 Qa5+ 12. Ke2 Ngf6 13. c4 Be7 14. a3 Rd8 15.
b4 Qa4 16. Bc7 Rc8 17. Bf4 b5 18. Rhc1 bxc4 19. Qxc4 Nd5 20. Bd2 O-O 21. Kf1
N7b6 22. Qe2 Qb5 23. Ne5 Qa4 24. Ne4 Rfd8 25. Qf3 f5 26. Bxh6 gxh6 27. Qg3+ Bg5
28. Nxg5 hxg5 29. Qxg5+ Kf8 30. h6 Qa6+ 31. Kg1 Qb7 32. Qg6 Nf4 33. Qf6+ Ke8
34. Qh8+ 1-0

[Event "Mercredi 2010.09.01 ABCD"]
[Site "Montreal CAN"]
[Date "2010.09.22"]
[Round "4"]
[White "Poirier, Erik"]
[Black "Giroux, Robert"]
[Result "0-1"]
[WhiteElo "2030"]
[BlackElo "2053"]
[PlyCount "62"]
[EventDate "2010.09.01"]
[EventType "tourn"]
[EventRounds "5"]
[EventCountry "CAN"]

1. d4 Nf6 2. c4 e6 3. Nc3 Bb4 4. e3 c5 5. Bd3 Nc6 6. Nf3 Bxc3+ 7. bxc3 d6 8.
O-O e5 9. Qc2 O-O 10. Ng5 Kh8 11. d5 Ne7 12. f4 h6 13. fxe5 dxe5 14. Nf3 Qd6
15. e4 Ng6 16. Qf2 Bd7 17. Nh4 Nxh4 18. Qxh4 Nh7 19. Be3 b6 20. Rf3 Rae8 21.
Raf1 Qe7 22. Qf2 f6 23. Be2 Rd8 24. Qh4 Ng5 25. Rg3 Nf7 26. Rg6 Ng5 27. Bxg5
fxg5 28. Qg3 Rxf1+ 29. Bxf1 Rf8 30. Be2 Rf4 31. Bd3 Kh7 0-1

[Event "Mercredi 2010.09.01 ABCD"]
[Site "Montreal CAN"]
[Date "2010.09.22"]
[Round "4"]
[White "Yun, Chang"]
[Black "Baran, Marius"]
[Result "1-0"]
[WhiteElo "1735"]
[BlackElo "1646"]
[PlyCount "125"]
[EventDate "2010.09.01"]
[EventType "tourn"]
[EventRounds "5"]
[EventCountry "CAN"]

1. e4 c5 2. Nf3 d6 3. d4 cxd4 4. Nxd4 Nf6 5. Nc3 g6 6. Be3 Bg7 7. f3 Nc6 8. Qd2
O-O 9. O-O-O Bd7 10. g4 a6 11. h4 h5 12. Nd5 e6 13. Nxc6 Bxc6 14. Bb6 Qd7 15.
Nxf6+ Bxf6 16. gxh5 Rac8 17. hxg6 fxg6 18. h5 g5 19. Be3 Qg7 20. c3 Ba4 21. h6
Bxc3 22. hxg7 Bxd2+ 23. Kxd2 Rc2+ 24. Ke1 Rxf3 25. Rh3 g4 26. Rxf3 gxf3 27. Rd2
Rc1+ 28. Kf2 Bc6 29. Bd3 Kxg7 30. Kxf3 Rh1 31. Rg2+ Kf7 32. Ke2 Rh5 33. Bd4 d5
34. exd5 Rxd5 35. Rf2+ Ke7 36. Bf6+ Kd6 37. Be4 Bb5+ 38. Ke3 Rd1 39. Rd2+ Rxd2
40. Kxd2 Kc7 41. Be5+ Kb6 42. Kc3 Bf1 43. b4 Bb5 44. Kd4 Bd7 45. Bd6 Kb5 46.
Bxb7 a5 47. bxa5 Kxa5 48. Bf3 Kb6 49. Bd1 Bc6 50. a4 Ka5 51. Bc7+ Ka6 52. a5
Bd5 53. Ke5 Kb7 54. Bb6 Ka8 55. Ba4 Kb7 56. Bb5 Bb3 57. Kd6 Bd5 58. Bd4 Ka8 59.
Kc7 Be4 60. Bd7 Bd5 61. Bc8 e5 62. Be3 Bf3 63. a6 1-0

[Event "Mercredi 2010.09.01 ABCD"]
[Site "Montreal CAN"]
[Date "2010.09.29"]
[Round "5"]
[White "Baran, Marius"]
[Black "Gauthier, Luc"]
[Result "0-1"]
[WhiteElo "1646"]
[BlackElo "1727"]
[PlyCount "36"]
[EventDate "2010.09.01"]
[EventType "tourn"]
[EventRounds "5"]
[EventCountry "CAN"]

1. d4 d5 2. c4 e5 3. dxe5 d4 4. e3 Bb4+ 5. Bd2 dxe3 6. Qa4+ Nc6 7. fxe3 Qh4+ 8.
Kd1 Bg4+ 9. Ne2 O-O-O 10. a3 Bxd2 11. Nxd2 Nge7 12. Qb3 Rxd2+ 13. Kxd2 Rd8+ 14.
Nd4 Qf2+ 15. Kc1 Qe1+ 16. Kc2 Nxd4+ 17. exd4 Qxa1 18. Be2 Bf5+ 0-1

[Event "Mercredi 2010.09.01 ABCD"]
[Site "Montreal CAN"]
[Date "2010.09.29"]
[Round "5"]
[White "Bergeron, Rene"]
[Black "Yun, Chang"]
[Result "0-1"]
[WhiteElo "1646"]
[BlackElo "1735"]
[PlyCount "72"]
[EventDate "2010.09.01"]
[EventType "tourn"]
[EventRounds "5"]
[EventCountry "CAN"]

1. c4 Nf6 2. Nc3 g6 3. g3 Bg7 4. Bg2 d6 5. d4 O-O 6. Nf3 Nbd7 7. O-O e5 8. dxe5
Nxe5 9. Nxe5 dxe5 10. Qb3 c6 11. Bg5 h6 12. Rad1 Qe7 13. Bxf6 Bxf6 14. Ne4 Bg7
15. c5 Be6 16. Qa3 Rfd8 17. Nd6 Qc7 18. b3 Bf8 19. Ne4 f5 20. Nd6 b6 21. b4 a5
22. Qe3 e4 23. a3 axb4 24. axb4 bxc5 25. bxc5 Kh7 26. Rb1 Bxd6 27. cxd6 Rxd6
28. Rb2 Rad8 29. Qf4 R6d7 30. Qc1 c5 31. f3 exf3 32. exf3 Bd5 33. Qc3 c4 34.
Rc1 Qc5+ 35. Kh1 Bc6 36. h3 Rd1+ 0-1

[Event "Mercredi 2010.09.01 ABCD"]
[Site "Montreal CAN"]
[Date "2010.09.29"]
[Round "5"]
[White "Cote, Philippe"]
[Black "Sonn, Eric"]
[Result "1-0"]
[WhiteElo "1677"]
[BlackElo "1633"]
[PlyCount "81"]
[EventDate "2010.09.01"]
[EventType "tourn"]
[EventRounds "5"]
[EventCountry "CAN"]

1. e4 c5 2. Nf3 e6 3. d3 d5 4. Nbd2 Nc6 5. g3 Nf6 6. Bg2 Be7 7. O-O O-O 8. Re1
dxe4 9. dxe4 e5 10. c3 h6 11. Qe2 Be6 12. Nc4 Qc7 13. a4 Nd7 14. Ne3 Rfd8 15.
Nd5 Qb8 16. Nd2 Bf8 17. Nf1 Nb6 18. Nxb6 axb6 19. f4 Na5 20. f5 Bc4 21. Qg4 Qd6
22. Ne3 Ba6 23. Nd5 Kh7 24. Rb1 b5 25. b4 cxb4 26. cxb4 Nc4 27. a5 b6 28. f6 g6
29. Rf1 Bc8 30. Qh4 bxa5 31. g4 axb4 32. Rb3 Qc5+ 33. Kh1 Ra3 34. Bxa3 bxa3 35.
g5 Nd2 36. Rc3 Qd4 37. Rfc1 Nc4 38. Ne7 Be6 39. Bh3 Bxh3 40. Rxh3 h5 41. Qxh5+
1-0

[Event "Mercredi 2010.09.01 ABCD"]
[Site "Montreal CAN"]
[Date "2010.09.29"]
[Round "5"]
[White "Giroux, Robert"]
[Black "Gagnon, Serge"]
[Result "0-1"]
[WhiteElo "2053"]
[BlackElo "2144"]
[PlyCount "148"]
[EventDate "2010.09.01"]
[EventType "tourn"]
[EventRounds "5"]
[EventCountry "CAN"]

1. d4 d6 2. Nf3 Nc6 3. c4 Bg4 4. d5 Ne5 5. Nxe5 dxe5 6. Qa4+ Qd7 7. Qxd7+ Bxd7
8. e4 e6 9. Nc3 Nf6 10. a3 c6 11. f3 Bc5 12. dxc6 Bxc6 13. Bd2 Bd4 14. Bd3 a5
15. b3 O-O 16. O-O-O Nd7 17. a4 Nc5 18. Bc2 b6 19. Rhe1 Na6 20. Na2 f6 21. Bc3
Bc5 22. Kb2 Rad8 23. Rxd8 Rxd8 24. Rd1 Rxd1 25. Bxd1 Kf7 26. Kc2 g5 27. Kd3 Kg6
28. Bc2 g4 29. Ke2 Bg1 30. h3 gxh3 31. gxh3 Kg5 32. Bd2+ Kh4 33. Kf1 Bd4 34.
Kg2 Be8 35. Be1+ Kg5 36. Bd2+ Kg6 37. Nc3 Nb4 38. Bb1 Bc5 39. Nb5 Nc6 40. Bc2
f5 41. Nc7 Nd4 42. exf5+ exf5 43. Bd1 Bc6 44. Bc3 Kf6 45. Bxd4 exd4 46. Bc2 Ke5
47. Bd3 Kf4 48. Kf2 Ke5 49. Kg3 h6 50. Kf2 Be7 51. Ke2 Bd8 52. Nb5 Bf6 53. Nc7
Bd8 54. Nb5 Bd7 55. f4+ Kxf4 56. Nxd4 Bf6 57. Nc2 Kg3 58. Ne3 f4 59. Nf5+ Kg2
60. Be4+ Kxh3 61. Nxh6 Kh4 62. Kf3 Be5 63. Bf5 Bc6+ 64. Be4 Be8 65. Nf5+ Kh3
66. Ne7 Bh5+ 67. Kf2 Bd4+ 68. Kf1 Bd1 69. Ng6 Kg4 70. Ne7 Bxb3 71. Bd5 Bxa4 72.
Kg2 Bd1 73. Be6+ Kg5 74. Bd5 Bc5 0-1

[Event "Mercredi 2010.09.01 ABCD"]
[Site "Montreal CAN"]
[Date "2010.09.29"]
[Round "5"]
[White "Nardone, Raul"]
[Black "Khudaverdian, Berj"]
[Result "0-1"]
[WhiteElo "1794"]
[BlackElo "1805"]
[PlyCount "79"]
[EventDate "2010.09.01"]
[EventType "tourn"]
[EventRounds "5"]
[EventCountry "CAN"]

1. e4 d6 2. d4 g6 3. Nf3 Bg7 4. Be2 Nf6 5. Nc3 O-O 6. h3 Nbd7 7. e5 Ne8 8. Be3
c6 9. Qd2 Qc7 10. exd6 Nxd6 11. O-O Nf5 12. Bf4 Qa5 13. g4 Nd6 14. a3 b5 15. b4
Qb6 16. Rfe1 Bb7 17. Bxd6 exd6 18. Rad1 d5 19. Bf1 Rae8 20. a4 a6 21. a5 Qc7
22. Re2 Qd6 23. Rde1 Rxe2 24. Nxe2 Bc8 25. Qf4 Qxb4 26. Qc7 c5 27. c3 Qa3 28.
Nf4 cxd4 29. Nxd5 Qc5 30. Qxc5 Nxc5 31. Ne7+ Kh8 32. cxd4 Nb3 33. Nc6 Be6 34.
Ng5 Nxd4 35. Nxd4 Bxd4 36. Nxe6 fxe6 37. Re2 e5 38. Kg2 g5 39. f3 Rc8 40. h4
0-1

[Event "Mercredi 2010.09.01 ABCD"]
[Site "Montreal CAN"]
[Date "2010.09.29"]
[Round "5"]
[White "Plante, Michel"]
[Black "Levkovsky, Alexandre"]
[Result "0-1"]
[WhiteElo "2067"]
[BlackElo "2140"]
[PlyCount "62"]
[EventDate "2010.09.01"]
[EventType "tourn"]
[EventRounds "5"]
[EventCountry "CAN"]

1. d4 Nf6 2. Nf3 b6 3. e3 Bb7 4. Bd3 e6 5. O-O c5 6. c4 Be7 7. Nc3 d5 8. b3 O-O
9. Bb2 cxd4 10. exd4 Nc6 11. Rc1 Rc8 12. Re1 g6 13. Qe2 Re8 14. Na4 Bf8 15. c5
Nd7 16. a3 e5 17. dxe5 bxc5 18. Qc2 Nd4 19. Bxd4 cxd4 20. Qb2 Rxc1 21. Qxc1 Qa5
22. Qb2 Rxe5 23. Rd1 Re8 24. Qxd4 Bxa3 25. h4 Bf8 26. h5 Bg7 27. Qh4 d4 28.
hxg6 hxg6 29. Bc4 Ne5 30. Nxe5 Rxe5 31. Qf4 Re1+ 0-1